L'hora violeta / (Record no. 6093)
[ view plain ]
| 000 -CABECERA | |
|---|---|
| campo de control de longitud fija | 00598nam a2200205 a 4500 |
| 001 - NÚMERO DE CONTROL | |
| campo de control | 000006298 |
| 005 - FECHA Y HORA DE LA ÚLTIMA TRANSACCIÓN | |
| campo de control | 20200929153918.0 |
| 008 - DATOS DE LONGITUD FIJA--INFORMACIÓN GENERAL | |
| campo de control de longitud fija | 810203s1993 sp 000 1 cat d |
| 020 ## - NÚMERO INTERNACIONAL ESTÁNDAR DEL LIBRO | |
| Número Internacional Estándar del Libro | 842971667X |
| 040 ## - FUENTE DE LA CATALOGACIÓN | |
| Centro catalogador/agencia de origen | DO-SdBNP |
| Lengua de catalogación | CAT |
| Centro/agencia transcriptor | BNPHU |
| Centro/agencia modificador | DLC |
| 050 00 - SIGNATURA TOPOGRÁFICA DE LA BIBLIOTECA DEL CONGRESO | |
| Número de clasificación | MLCS 91/17588 (P) |
| 082 ## - NÚMERO DE LA CLASIFICACIÓN DECIMAL DEWEY | |
| Número de clasificación | nn* |
| Número de documento/Ítem | R741h |
| 100 1# - ENTRADA PRINCIPAL--NOMBRE DE PERSONA | |
| Nombre de persona | Roig, Montserrat, |
| Fechas asociadas al nombre | 1946- |
| 9 (RLIN) | 17582 |
| 245 12 - MENCIÓN DE TÍTULO | |
| Título | L'hora violeta / |
| Mención de responsabilidad, etc. | Montserrat Roig. |
| 260 ## - PUBLICACIÓN, DISTRIBUCIÓN, ETC. | |
| Lugar de publicación, distribución, etc. | Barcelona : |
| Nombre del editor, distribuidor, etc. | Edicions 62, |
| Fecha de publicación, distribución, etc. | 1993. |
| 300 ## - DESCRIPCIÓN FÍSICA | |
| Extensión | 232 p. ; |
| Dimensiones | 20 cm. |
| 490 1# - MENCIÓN DE SERIE | |
| Mención de serie | El Balancí ; |
| Designación de volumen o secuencia | no. 127 |
| 830 #0 - PUNTO DE ACCESO ADICIONAL DE SERIE-TÍTULO UNIFORME | |
| Título uniforme | El Balancí ; |
| Designación de volumen o secuencia | no. 127 |
| 9 (RLIN) | 17583 |
| 910 ## - DATOS DE OPCIÓN DEL USUARIO (OCLC) | |
| Datos de opción del usuario | Catalogación original noche |
| Estado de retiro | Estado de pérdida | Restricciones de uso | No para préstamo | Código de colección | Localización permanente | Ubicación/localización actual | Ubicación en estantería | Fecha de adquisición | Número de inventario | Total de préstamos | Signatura topográfica completa | Código de barras | Fecha visto por última vez | Precio válido a partir de | Tipo de ítem Koha |
|---|---|---|---|---|---|---|---|---|---|---|---|---|---|---|---|
| Préstamo interno | Monografías: Libros y Folletos | General | General | En catalogación | 27.08.2009 | LF1 | nn* R741h | 6298-10 | 25.06.2020 | 25.06.2020 | Préstamo interno |
